00605nam a22001697a 450000500170000001000130001702000260003003500120005603700160006808200100008424501080009424600660020226000530026827000590032130000210038070000340040120221209122020.0 aUR-11783 a9789393785077c300.00 aU-10338 bDBAD/PUBa- a840.8 aمینا ر فکر و فن معراج احمد معراج /cمرتب - شاذ یہ فخرhا ر د و aMinar-e-Fikr o Fan Meraj Ahmad Meraj /bed. by Shazia Fakhar  aNew DelhibEducational Publishing Housec2021 ء aH.o. D1/16, Ansari Road, Darya GanjbNew Delhie110002 a224 صc23cm(Hb) aمرتب - شاذ یہ فخر